书目信息 |
| 题名: |
环境审计理论与实务研究
|
|
| 作者: | 李永臣 著 | |
| 分册: | ||
| 出版信息: | 北京 化学工业出版社 2007 |
|
| 页数: | 143页 | |
| 开本: | 24cm | |
| 丛书名: | ||
| 单 册: | ||
| 中图分类: | F239.6 | |
| 科图分类: | ||
| 主题词: | 环境管理--审计--研究 | |
| 电子资源: | ||
| ISBN: | 978-7-5025-9437-4 | |
| 000 | 00955nam0 2200265 450 | |
| 001 | 012004096446 | |
| 005 | 20070720091938.12 | |
| 009 | 012004096446 | |
| 010 | @a978-7-5025-9437-4@dCNY28.00 | |
| 035 | @a(110019)012006128260 | |
| 100 | @a20061218d2007 em y0chiy0110 ea | |
| 101 | 0 | @achi |
| 102 | @aCN@b110000 | |
| 105 | @ay z 000yy | |
| 106 | @ar | |
| 200 | 1 | @a环境审计理论与实务研究@Ahuan jing shen ji li lun yu shi wu yan jiu@f李永臣著@Fli yong chen zhu |
| 210 | @a北京@c化学工业出版社@d2007 | |
| 215 | @a143页@d24cm | |
| 300 | @a国家自然科学基金项目(70272057)资助 中国人民大学“211”工程项目资助 | |
| 330 | @a本书对环境审计基本理论做了进一步的深入探讨。对环境审计定义的界定、与相近学科的联系与交叉进行了分析,并结合实际案例,对环境审计的实务表现与特征进行了一定深度的研究等。 | |
| 606 | 0 | @a环境管理@x审计@x研究 |
| 690 | @aF239.6@v4 | |
| 701 | 0 | @a李永臣@Ali yong chen@4著 |
| 801 | 0 | @aCN@b110019@c20070720 |
| 905 | @dF239.6@e268@f5 | |
| 环境审计理论与实务研究/李永臣著.-北京:化学工业出版社,2007 |
| 143页;24cm |
| 国家自然科学基金项目(70272057)资助 中国人民大学“211”工程项目资助 |
| ISBN 978-7-5025-9437-4:CNY28.00 |
| 本书对环境审计基本理论做了进一步的深入探讨。对环境审计定义的界定、与相近学科的联系与交叉进行了分析,并结合实际案例,对环境审计的实务表现与特征进行了一定深度的研究等。 |
| ● |
| 相关链接 |
|
|
|
|
正题名:环境审计理论与实务研究
索取号:F239.6/268
 
预约/预借
| 序号 | 登录号 | 条形码 | 馆藏地/架位号 | 状态 | 备注 |
| 1 | 0850553 | 208505535 | 第一样本阅览室/ [索取号:F239.6/268] | 在馆 | |
| 2 | 0850554 | 208505544 | 第一借阅区/ [索取号:F239.6/268] | 在馆 | |
| 3 | 0850555 | 208505553 | 第一借阅区/ [索取号:F239.6/268] | 在馆 | |
| 4 | 0850556 | 208505562 | 第一借阅区/ [索取号:F239.6/268] | 在馆 | |
| 5 | 0850557 | 208505571 | 第一借阅区/ [索取号:F239.6/268] | 在馆 |